Länder mit den meisten Touristen in Afrika - Statistiken

Allgemein
  • Dieses Quiz wurde 253 mal gespielt
  • Das Durchschnittsergebnis liegt bei 12 aus 15
Antwortstatistiken
Platz Land Anzahl % Korrekt
2. Ägypten 11,35 Mio.
99%
1. Marokko 12,29 Mio.
99%
3. Südafrika 10,47 Mio.
99%
4. Tunesien 8,3 Mio.
91%
6. Algerien 2,45 Mio.
88%
12. Kenia 1,48 Mio.
88%
13. Namibia 1,47 Mio.
88%
8. Nigeria 1,89 Mio.
88%
15. Senegal 1,37 Mio.
78%
11. Botswana 1,62 Mio.
71%
7. Elfenbeinküste 1,97 Mio.
69%
5. Simbabwe 2,57 Mio.
67%
14. Mauritius 1,4 Mio.
65%
9. Uganda 1,85 Mio.
65%
10. Mosambik 1,64 Mio.
64%
Keine übereinstimmenden Quizze gefunden
Verteilung der Resultate
Anzahl Personen mit jedem Resultat
Perzentil nach korrekt beantworteten Fragen
Ihre Resultats-Entwicklung
Sie haben dieses Quiz noch nicht gespielt